000 003400000a22001570004500
001 000158
003 MACL
040 _aMACL
090 _c158
_d158
100 _aRoy, Navkala
245 _aHow It work
_bThe Ship
_cNavkala Roy
260 _aA CBT Publications,
_c1990
350 _a10
650 _aWaterTransportation
942 _k387
_cBook
999 _c49465
_d49465